[Event "Corsica-chT"]
[Site "Ajaccio"]
[Date "2009.03.15"]
[Round "1.2"]
[White "Bicchierai, Gregory"]
[Black "Graziani, Virginie"]
[Result "1-0"]
[WhiteElo "2090"]
[BlackElo "1636"]
[PlyCount "39"]
[EventDate "2009.03.15"]
[EventType "team-tourn"]
[EventRounds "9"]
[EventCountry "FRA"]
[SourceTitle "EXT 2010"]
[Source "ChessBase"]
[SourceDate "2010.11.25"]
[SourceVersion "1"]
[SourceVersionDate "2010.11.25"]
[SourceQuality "1"]
[WhiteTeam "Ajaccien CC"]
[BlackTeam "Corsica CC (W)"]
[WhiteTeamCountry "FRA"]
[BlackTeamCountry "FRA"]

1. e4 e5 2. d4 exd4 3. c3 d5 4. exd5 Qxd5 5. cxd4 Nf6 6. Nc3 Bb4 7. Nf3 Nc6 8. Be2 0-0 9. 0-0 Bxc3 10. bxc3 Bf5 11. c4 Qd6 12. Bb2 Ne7 13. d5 Ng6 14. Nd4 Bd7 15. a4 a6 16. Ba3 Qf4 17. g3 Qh6 18. Bxf8 Rxf8 19. Re1 Bh3 20. Qc1 1-0

[Event "Bastia CC Winter op 34th"]
[Site "Bastia"]
[Date "2009.01.24"]
[Round "7"]
[White "Graziani, Virginie"]
[Black "Leveque, Christophe"]
[Result "0-1"]
[WhiteElo "1636"]
[BlackElo "1610"]
[PlyCount "106"]
[EventDate "2009.01.18"]
[EventType "swiss"]
[EventRounds "7"]
[EventCountry "FRA"]
[SourceTitle "EXT 2010"]
[Source "ChessBase"]
[SourceDate "2010.11.25"]
[SourceVersion "1"]
[SourceVersionDate "2010.11.25"]
[SourceQuality "1"]

1. e4 e6 2. d4 d5 3. Nc3 Bb4 4. e5 b6 5. a3 Bf8 6. Nf3 Ba6 7. Bxa6 Nxa6 8. b4 c5 9. b5 Nc7 10. Be3 cxd4 11. Nxd4 Ne7 12. Bg5 Qd7 13. a4 Rc8 14. Qd3 Ng6 15. Qg3 Bb4 16. Nc6 Bxc3+ 17. Qxc3 a6 18. 0-0 axb5 19. axb5 Nxb5 20. Qb4 Qxc6 21. Rfb1 h6 22. Be3 Nc3 23. Rb3 Ne4 24. f3 Nc5 25. Rc3 0-0 26. Bd4 Nf4 27. Kf2 f6 28. g3 Ng6 29. exf6 gxf6 30. Bxc5 bxc5 31. Qg4 Kh7 32. Ra7+ Rc7 33. Rca3 Rff7 34. Ra8 c4 35. R3a6 Qc5+ 36. Kg2 Rc6 37. Ra5 Qe7 38. Qd4 Rc7 39. Qg4 Rg7 40. Qd4 Ne5 41. Qb2 c3 42. Qb8 Kg6 43. f4 Nc6 44. Qb5 Nxa5 45. Qd3+ f5 46. Rxa5 Rc4 47. g4 Rxf4 48. h3 Kf7 49. Qe3 Qd6 50. Ra7+ Kg8 51. Ra8+ Kh7 52. Qxc3 d4 53. Qd3 Qd5+ 0-1

[Event "Bastia CC Winter op 34th"]
[Site "Bastia"]
[Date "2009.01.18"]
[Round "1"]
[White "Gil, Jean Jacques"]
[Black "Graziani, Virginie"]
[Result "0-1"]
[WhiteElo "1613"]
[BlackElo "1636"]
[PlyCount "48"]
[EventDate "2009.01.18"]
[EventType "swiss"]
[EventRounds "7"]
[EventCountry "FRA"]
[SourceTitle "EXT 2010"]
[Source "ChessBase"]
[SourceDate "2010.11.25"]
[SourceVersion "1"]
[SourceVersionDate "2010.11.25"]
[SourceQuality "1"]

1. d4 Nf6 2. Bg5 Ne4 3. h4 Nxg5 4. hxg5 d5 5. e3 Bf5 6. Bd3 Qd7 7. Nf3 Bg4 8. Rxh7 Rxh7 9. Bxh7 g6 10. Qd3 Bf5 11. Qb3 Qc6 12. c3 Nd7 13. Nh4 Bxb1 14. Rxb1 0-0-0 15. Bg8 Qe6 16. Qc2 Bg7 17. Bxf7 Qxf7 18. Nxg6 e5 19. Ke2 e4 20. Nf4 Qf5 21. Nh3 Qg4+ 22. Kf1 Rh8 23. Qe2 Qf5 24. f4 exf3 0-1

[Event "Corsica CC op 32th"]
[Site "Bastia"]
[Date "2008.11.28"]
[Round "?"]
[White "Graziani, Virginie"]
[Black "Geronimi, Vital"]
[Result "0-1"]
[WhiteElo "1574"]
[BlackElo "1625"]
[PlyCount "63"]
[EventDate "2008.11.08"]
[EventType "swiss"]
[EventRounds "5"]
[EventCountry "FRA"]
[SourceTitle "CBM 127 Extra"]
[Source "ChessBase"]
[SourceDate "2009.01.08"]
[SourceVersion "2"]
[SourceVersionDate "2009.01.28"]
[SourceQuality "1"]

1. e4 c5 2. Nf3 d6 3. Nc3 Nf6 4. d4 cxd4 5. Nxd4 a6 6. Be2 e6 7. 0-0 Be7 8. Be3 b5 9. a3 Bb7 10. f3 Nc6 11. Qe1 Ne5 12. Rd1 Rc8 13. Kh1 d5 14. Nb3 Nc4 15. Bxc4 bxc4 16. Nd4 Qc7 17. exd5 Nxd5 18. Nxd5 Bxd5 19. Bf2 0-0 20. Bg3 Qb6 21. Qc3 Bf6 22. Bf2 Qb7 23. Qb4 Qa8 24. Qd2 Rfd8 25. c3 e5 26. Nf5 Bxf3 27. Nh6+ gxh6 28. Qxh6 Bxg2+ 29. Kg1 Bg7 30. Qg5 Bxf1 31. Rxd8+ Rxd8 32. Kxf1 0-1

[Event "Bastia July op"]
[Site "Bastia"]
[Date "2008.07.25"]
[Round "3"]
[White "Camblan, Roger"]
[Black "Graziani, Virginie"]
[Result "1-0"]
[WhiteElo "1499"]
[BlackElo "1552"]
[PlyCount "63"]
[EventDate "2008.07.23"]
[EventType "swiss"]
[EventRounds "7"]
[EventCountry "FRA"]
[SourceTitle "EXT 2010"]
[Source "ChessBase"]
[SourceDate "2010.11.25"]
[SourceVersion "1"]
[SourceVersionDate "2010.11.25"]
[SourceQuality "1"]

1. e4 e5 2. Nf3 Nc6 3. d4 exd4 4. c3 dxc3 5. Nxc3 Bb4 6. Bd2 Qe7 7. Qc2 Nf6 8. Bd3 Ne5 9. Be2 c6 10. 0-0 h6 11. Nxe5 Qxe5 12. f4 Qd4+ 13. Kh1 Bxc3 14. Bxc3 Qxe4 15. Bd3 Qd5 16. Rae1+ Kd8 17. b3 Qh5 18. Re5 g5 19. Rf5 Ng4 20. Bf6+ Nxf6 21. Rxf6 d5 22. Qc5 Kc7 23. Qd6+ Kb6 24. Qxd5 Be6 25. Qd4+ Kc7 26. Qe5+ Kb6 27. Rc1 Bd5 28. Qxd5 Rad8 29. Qc5+ Kc7 30. Qe5+ Kb6 31. b4 Rhe8 32. Qa5# 1-0

[Event "Bastia July op"]
[Site "Bastia"]
[Date "2008.07.24"]
[Round "2"]
[White "Graziani, Virginie"]
[Black "Pietrelle, Christian"]
[Result "0-1"]
[WhiteElo "1552"]
[BlackElo "1240"]
[PlyCount "26"]
[EventDate "2008.07.23"]
[EventType "swiss"]
[EventRounds "7"]
[EventCountry "FRA"]
[SourceTitle "EXT 2010"]
[Source "ChessBase"]
[SourceDate "2010.11.25"]
[SourceVersion "1"]
[SourceVersionDate "2010.11.25"]
[SourceQuality "1"]

1. e4 c6 2. d4 d5 3. e5 f6 4. Bd3 e6 5. Qh5+ Ke7 6. Nf3 Qe8 7. Qg4 Nd7 8. exf6+ Ngxf6 9. Qh3 Kd8 10. Bf4 e5 11. dxe5 Nxe5 12. Qg3 Nxd3+ 13. Kd2 Ne4+ 0-1

[Event "Bastiais Master 6th"]
[Site "Bastia"]
[Date "2007.11.??"]
[Round "?"]
[White "Gil, Jean Jacques"]
[Black "Graziani, Virginie"]
[Result "0-1"]
[WhiteElo "1620"]
[BlackElo "1611"]
[PlyCount "59"]
[EventDate "2007.11.??"]
[EventType "swiss"]
[EventRounds "9"]
[EventCountry "FRA"]
[SourceTitle "EXT 2009"]
[Source "ChessBase"]
[SourceDate "2008.11.26"]
[SourceVersion "1"]
[SourceVersionDate "2008.11.26"]
[SourceQuality "1"]

1. d4 Nf6 2. e3 d5 3. Bd3 Nc6 4. c3 e5 5. dxe5 Nxe5 6. Bb5+ c6 7. Ba4 Ne4 8. Nf3 Bg4 9. h3 Bxf3 10. gxf3 Nc5 11. Bc2 Qf6 12. f4 Ng6 13. Nd2 Bd6 14. Nf3 0-0-0 15. Bxg6 hxg6 16. Qd4 Qf5 17. Ke2 Rxh3 18. Rxh3 Qxh3 19. Qxg7 Qf5 20. Qd4 Kb8 21. Kd1 Re8 22. Ne5 f6 23. Nd3 Re4 24. Nxc5 Rxd4+ 25. cxd4 Qg4+ 26. Kd2 Bxc5 27. dxc5 Qg2 28. Ke2 Qe4 29. Bd2 f5 30. Rh1 0-1

[Event "Bastiais Master 6th"]
[Site "Bastia"]
[Date "2007.11.??"]
[Round "?"]
[White "Graziani, Virginie"]
[Black "Stubbe, Damien"]
[Result "0-1"]
[WhiteElo "1611"]
[BlackElo "1885"]
[PlyCount "64"]
[EventDate "2007.11.??"]
[EventType "swiss"]
[EventRounds "9"]
[EventCountry "FRA"]
[SourceTitle "EXT 2009"]
[Source "ChessBase"]
[SourceDate "2008.11.26"]
[SourceVersion "1"]
[SourceVersionDate "2008.11.26"]
[SourceQuality "1"]

1. e4 e6 2. d4 d5 3. Nc3 Bb4 4. exd5 exd5 5. a3 Ba5 6. b4 Bb6 7. Be3 Nf6 8. h3 0-0 9. Bd3 Re8 10. Nce2 a5 11. c3 Ne4 12. Nf3 Nd7 13. 0-0 f5 14. Nf4 Ndf6 15. Ne5 Nxc3 16. Qc2 axb4 17. axb4 Rxa1 18. Rxa1 Nce4 19. Ra8 Qe7 20. Qb3 Be6 21. Rxe8+ Qxe8 22. Nxe6 Qxe6 23. Qc2 c6 24. Qb3 f4 25. Bxf4 Bxd4 26. Ng4 Nxg4 27. hxg4 Nxf2 28. Kf1 Qxg4 29. g3 g5 30. Bd6 Qh3+ 31. Ke2 Qe6+ 32. Kf1 Qxd6 0-1

[Event "Borgo Thursday op"]
[Site "Borgo"]
[Date "2007.04.??"]
[Round "?"]
[White "Rossi, Pascal"]
[Black "Graziani, Virginie"]
[Result "1-0"]
[WhiteElo "1851"]
[BlackElo "1650"]
[PlyCount "103"]
[EventDate "2007.04.03"]
[EventType "swiss"]
[EventRounds "5"]
[EventCountry "FRA"]
[SourceTitle "CBM 117 Extra"]
[Source "ChessBase"]
[SourceDate "2007.05.09"]
[SourceVersion "1"]
[SourceVersionDate "2007.05.09"]
[SourceQuality "1"]

1. d4 d5 2. e4 dxe4 3. Nc3 Nf6 4. f3 exf3 5. Nxf3 e6 6. Bd3 Nc6 7. Bg5 Be7 8. Qe2 Nxd4 9. Nxd4 Qxd4 10. 0-0-0 c6 11. h3 h6 12. Be3 Qe5 13. Rhf1 Nd5 14. Nxd5 exd5 15. Qf2 Be6 16. Kb1 Bf6 17. c3 Qc7 18. Bd4 Bxd4 19. Qxd4 Rg8 20. Rde1 g6 21. Qf6 Qe7 22. Qd4 Qc7 23. Rf6 0-0-0 24. Qxa7 Qb8 25. Qe3 h5 26. Bxg6 Rxg6 27. Rxg6 Bf5+ 28. Ka1 fxg6 29. Qg5 Be4 30. c4 Qd6 31. a3 Kb8 32. Qd2 Rf8 33. Rxe4 Qc5 34. cxd5 cxd5 35. Re1 d4 36. Rc1 Qd6 37. Qd3 g5 38. Rd1 Rd8 39. Kb1 Qd5 40. Qf3 d3 41. Qxd5 Rxd5 42. b3 Kc7 43. Kb2 Kc6 44. Kc3 d2 45. Rxd2 Rxd2 46. Kxd2 Kc5 47. Kd3 b5 48. g3 Kd5 49. a4 g4 50. hxg4 hxg4 51. a5 Kc6 52. b4 1-0

[Event "Bastiais Master 5th"]
[Site "Bastia"]
[Date "2007.03.??"]
[Round "?"]
[White "Graziani, Virginie"]
[Black "Gil, Jean Jacques"]
[Result "1-0"]
[WhiteElo "1600"]
[BlackElo "1592"]
[PlyCount "49"]
[EventDate "2007.03.??"]
[EventType "swiss"]
[EventRounds "9"]
[EventCountry "FRA"]
[SourceTitle "CBM 117 Extra"]
[Source "ChessBase"]
[SourceDate "2007.05.09"]
[SourceVersion "1"]
[SourceVersionDate "2007.05.09"]
[SourceQuality "1"]

1. e4 a6 2. d4 b5 3. Nf3 e6 4. Bd3 Bb7 5. 0-0 Nf6 6. Bg5 Be7 7. Bxf6 Bxf6 8. Nbd2 d6 9. e5 Be7 10. Re1 d5 11. c3 Nd7 12. a4 c5 13. axb5 c4 14. bxa6 cxd3 15. axb7 Rb8 16. Ra7 0-0 17. Nf1 Qb6 18. Ra2 Rxb7 19. Qxd3 Rfb8 20. Ng3 Qc7 21. Rb1 Nb6 22. b3 Nc4 23. b4 Rc8 24. h3 Na3 25. Rxa3 1-0